Станции метро Розовой ветки Москвы - Statistics

General Stats
  • This quiz has been taken 19 times
  • The average score is 6 of 8
Answer Stats
Название % Correct
Некрасовка
100%
Нижегородская
82%
Юго-Восточная
76%
Косино
76%
Стахановская
71%
Окская
71%
Улица Дмитриевского
71%
Лухмановская
71%
No matching quizzes found
Score Distribution
Percent of People with Each Score
Percentile by Number Answered
Your Score History
You have not taken this quiz